Statistiques concernant Quiz sur Angèle

Cliquez ici pour prendre le quiz!

Statistiques générales

  • Ce quiz a été pris 236 fois
  • Le résultat moyen est 5 sur 14

Statistiques - réponses

QuestionsRéponses% Correct
Nombres d'albums2
99%
FrèreRoméo Elvis
86%
NationalitéBelge
74%
MétierChanteuse
69%
SexeFéminin
59%
Signe astrologiqueSagittaire
31%
Âge25 ans
29%
Date de Naissance3 décembre 1995
26%
MamanLaurence Bibot
19%
Taille1m67
17%
Nom completAngèle Joséphine Aimée Van Laeken
11%
AlbumsBrol et Brol la suite
2%
PapaMarka Bibot
2%
OriginesCaucasiens
0%

Distribution des résultats

Percentile par nombre de réponses

% des personnes avec chaque résultat

Votre développement - résultats

Vous n’avez pas pris ce quiz